Construcción de la galera 'real', de Don Juan de Austria / por Concha Malagrida Pons de Cors
Publicado:
San Jorge, núm. 83 ( 3r trimestre 1971), pàg 67 - 85 :
MARC
| LEADER | 00000nam a2200000Ia 4500 | ||
|---|---|---|---|
| 001 | |||
| 008 | 160829s9999 xx 000 0 cat d | ||
| 100 | |a Malagrida Pons de Cors, Concha |9 41646 | ||
| 245 | |a Construcción de la galera 'real', de Don Juan de Austria / por Concha Malagrida Pons de Cors | ||
| 260 | |a San Jorge, núm. 83 ( 3r trimestre 1971), pàg 67 - 85 | ||
| 590 | |a Conté 28 fotografies | ||
| 650 | |a Construcció naval |x Espanya |x S. XVI |9 40300 | ||
| 650 | |a Galeres |x Construcció |x Història |9 40301 | ||
| 650 | 0 | |a Lepant, Batalla de, 1571 |9 31773 | |
| 901 | |a Arxiu | ||
| 942 | |n 1 | ||
| 952 | |0 0 |1 0 |4 0 |7 1 |9 50352 |a Arxiu |b Arxiu |d 2016-12-01 |l 0 |r 2016-12-01 00:00:00 |w 2016-12-01 |y ARXIU | ||
| 999 | |c 54194 |d 54194 | ||